Statistics for German and Dutch people can understand this both!

Click here to take the quiz!

General Stats

  • This quiz has been taken 71 times
  • The average score is 6 of 12

Answer Stats

DutchGerman% Correct
GrootGroß
81%
DrieDrei
77%
BijBei
66%
De zeeDie See
55%
WitWeiß
55%
Het huisDas Haus
53%
De politieDie Polizei
50%
ZwartSchwarz
45%
GeestGeist
41%
KoeKuh
41%
De Spaanse kustDie spanische Küste
28%
Een hond rent achter de kat aanEin Hund rennt hinter der Katze her
3%

Score Distribution

Percentile by Number Answered

Percent of People with Each Score

Your Score History

You have not taken this quiz